Statistics for NFL Teams To Win Back-to-Back Superbowls

Click here to take the quiz!

General Stats

  • This quiz has been taken 5,835 times
  • The average score is 6 of 8

Answer Stats

YearsTeam% Correct
1966, 1967Green Bay Packers
94%
2003, 2004New England Patriots
84%
1992, 1993Dallas Cowboys
72%
1974, 1975Pittsburgh Steelers
72%
1988, 1989San Francisco 49ers
68%
1972, 1973Miami Dolphins
66%
1978, 1979Pittsburgh Steelers
62%
1997, 1998Denver Broncos
60%

Score Distribution

Percentile by Number Answered

Percent of People with Each Score

Your Score History

You have not taken this quiz